|
|
|
|
| LEADER |
00975cam a2200253 7i4500 |
| 001 |
0000034994 |
| 005 |
20180405090000.0 |
| 007 |
##ta |
| 008 |
180405s2017 xx a 000 0 eng d |
| 020 |
# |
# |
|a 9789287045393
|
| 040 |
# |
# |
|a MATR
|
| 090 |
0 |
0 |
|a I 339.59
|b AID
|
| 245 |
0 |
0 |
|a AID FOR TRADE AT A GLANCE 2017 :
|b PROMOTING TRADE, INCLUSIVENESS AND CONNECTIVITY FOR SUSTAINABLE DEVELOPMENT.
|
| 264 |
# |
1 |
|a Geneva:
|b OECD,
|c 2017.
|
| 300 |
# |
# |
|a 548 pages:
|b color illustrations;
|c 28 cm.
|
| 336 |
# |
# |
|a text
|2 rdacontent
|
| 337 |
# |
# |
|a unmediated
|2 rdamedia
|
| 338 |
# |
# |
|a volume
|2 rdacarrier
|
| 650 |
# |
0 |
|a Economic assistance --
|z Developing countries
|
| 651 |
# |
0 |
|a Developing countries --
|x Commerce
|
| 651 |
# |
0 |
|a Developed countries --
|x Foreign economic relations --
|z Developing countries
|
| 651 |
# |
0 |
|a Developing countries --
|x Foreign economic relations --
|z Developed countries
|
| 710 |
2 |
# |
|a World Trade Organization
|
| 999 |
|
|
|a 0000040044
|b Book
|c International
|e Business Information Centre
|